[Event "SR 2. liga A 2004/2005"]
[Site "?"]
[Date "2005.03.20"]
[Round "11.6"]
[White "Blazkova, Barbora"]
[Black "Luchs, Robert"]
[Result "1-0"]
[WhiteElo "1968"]
[BlackElo "1896"]
[PlyCount "37"]
[EventDate "2004.??.??"]

1. e4 c5 2. Nf3 Nc6 3. d4 cxd4 4. Nxd4 a6 5. Bc4 g6 6. Nc3 Nf6 7. Bg5 Bg7 8.
Nxc6 bxc6 9. e5 Ng8 10. Qf3 f6 11. O-O-O Nh6 12. exf6 exf6 13. Qe3+ Qe7 14.
Bxh6 Qxe3+ 15. Bxe3 d5 16. Bb3 Kf7 17. Rhe1 Bb7 18. Ne4 Rhe8 19. Nd6+ 1-0

[Event "SR 2. liga A 2004/2005"]
[Site "?"]
[Date "2005.03.19"]
[Round "11.6"]
[White "Pribila, Michal"]
[Black "Farkas, Vladimir"]
[Result "0-1"]
[WhiteElo "2058"]
[BlackElo "2073"]
[PlyCount "109"]
[EventDate "2004.??.??"]

1. e4 d6 2. d4 g6 3. Nc3 Bg7 4. Be3 Nf6 5. f3 O-O 6. Qd2 e5 7. d5 Ne8 8. g4 c6
9. O-O-O a6 10. h4 b5 11. dxc6 Nxc6 12. h5 Be6 13. Kb1 Rc8 14. Nd5 Bxd5 15.
exd5 Na5 16. Bh6 g5 17. Bxg5 f6 18. Be3 Nc4 19. Bxc4 bxc4 20. Ne2 f5 21. h6 Bh8
22. gxf5 Rxf5 23. Nc3 Kf7 24. Rdf1 Qe7 25. Rhg1 Nf6 26. Bg5 Rg8 27. Bxf6 Rxf6
28. Rxg8 Kxg8 29. Ne4 Rg6 30. f4 exf4 31. Qxf4 Be5 32. Qf5 Rxh6 33. Rg1+ Bg7
34. c3 Qe8 35. Ng5 Qg6 36. Rf1 Rh1 37. Ne4 Rxf1+ 38. Qxf1 Qxe4+ 39. Ka1 Be5 40.
Qg1+ Qg6 41. Qf2 Qf6 42. Qg2+ Kf7 43. a4 Qg6 44. Qh3 Ke7 45. Qc8 Qd3 46. Qxa6
Qd1+ 47. Ka2 Qb3+ 48. Ka1 h5 49. a5 Qd1+ 50. Ka2 Qxd5 51. Qa7+ Ke6 52. a6 Qa5+
53. Kb1 Qb5 54. Qb7 Qxb7 55. axb7 0-1

[Event "SR 2. liga A 2004/2005"]
[Site "?"]
[Date "2005.03.20"]
[Round "11.6"]
[White "Slamena, Michal"]
[Black "Macko, Michal"]
[Result "0-1"]
[WhiteElo "2086"]
[BlackElo "2144"]
[PlyCount "42"]
[EventDate "2004.??.??"]

1. d4 d5 2. Nf3 Nf6 3. Bf4 c6 4. e3 Qb6 5. b3 Bg4 6. Be2 e6 7. O-O Be7 8. Nbd2
O-O 9. h3 Bh5 10. g4 Bg6 11. Ne5 Nfd7 12. c4 Nxe5 13. Bxe5 Nd7 14. c5 Qa5 15.
b4 Qxb4 16. Rb1 Bxb1 17. Nxb1 Nxe5 18. dxe5 Qxc5 19. Qd2 f6 20. Rc1 Qb6 21. Qc3
Rae8 0-1

[Event "SR 2. liga A 2004/2005"]
[Site "?"]
[Date "2005.03.20"]
[Round "11.6"]
[White "Szitkey, Milan"]
[Black "Breja, Stanislav"]
[Result "1-0"]
[WhiteElo "2217"]
[BlackElo "2131"]
[PlyCount "33"]
[EventDate "2004.??.??"]

1. e4 e5 2. Nf3 Nf6 3. Nxe5 d6 4. Nf3 Nxe4 5. d4 d5 6. Bd3 Bd6 7. O-O O-O 8. c4
c6 9. Nc3 Nxc3 10. bxc3 dxc4 11. Bxc4 Bg4 12. h3 Bh5 13. Re1 Qf6 14. g4 Bg6 15.
Bg5 Bc2 16. Qxc2 Qxf3 17. Re3 1-0

[Event "SR 2. liga A 2004/2005"]
[Site "?"]
[Date "2005.03.20"]
[Round "11.6"]
[White "Varga, David"]
[Black "Vrba, Michal"]
[Result "1/2-1/2"]
[WhiteElo "2044"]
[BlackElo "1919"]
[PlyCount "74"]
[EventDate "2004.??.??"]

1. e4 d5 2. exd5 Qxd5 3. Nc3 Qa5 4. d4 c6 5. Nf3 Nf6 6. Bc4 Bf5 7. O-O Nbd7 8.
Bf4 e6 9. a3 h6 10. Re1 Be7 11. Ne5 Qd8 12. Qe2 O-O 13. Bd3 Bxd3 14. Qxd3 Nb6
15. Rad1 Nbd5 16. Nxd5 Nxd5 17. Qg3 Nxf4 18. Qxf4 Bd6 19. Qe3 Qc7 20. Rd3 Rad8
21. Nf3 a6 22. g3 Be7 23. Ne5 Bf6 24. Ng4 Bg5 25. f4 Be7 26. f5 Bg5 27. Qe5
Qxe5 28. Rxe5 exf5 29. Rxf5 Rfe8 30. Re5 Rxe5 31. Nxe5 Rxd4 32. Kf2 Rxd3 33.
Nxd3 Kf8 34. Nc5 Bc1 35. Nd3 Bg5 36. Nc5 Bc1 37. Nd3 Bg5 1/2-1/2

[Event "SR 2. liga A 2004/2005"]
[Site "?"]
[Date "2005.03.20"]
[Round "11.7"]
[White "Bukovcak, Jaroslav"]
[Black "Hanzluvka, Peter"]
[Result "0-1"]
[WhiteElo "1854"]
[BlackElo "2081"]
[PlyCount "46"]
[EventDate "2004.??.??"]

1. e4 c5 2. Nf3 a6 3. d4 cxd4 4. Nxd4 Nf6 5. Nc3 e5 6. Nf3 Bb4 7. Bd3 O-O 8.
O-O d6 9. h3 Be6 10. Bd2 Nbd7 11. a3 Bc5 12. b4 Ba7 13. Qe1 Qc7 14. Nd1 d5 15.
Ng5 h6 16. Nxe6 fxe6 17. c3 Nh5 18. Be2 Ng3 19. Bf3 Nf6 20. exd5 Nxf1 21. Kxf1
exd5 22. Be3 d4 23. Bd2 e4 0-1

[Event "SR 2. liga A 2004/2005"]
[Site "?"]
[Date "2005.03.19"]
[Round "11.7"]
[White "Deak, Gabriel"]
[Black "Kasanicky, Robert"]
[Result "1/2-1/2"]
[WhiteElo "2052"]
[BlackElo "2005"]
[PlyCount "37"]
[EventDate "2004.??.??"]

1. d4 d5 2. Nf3 Nf6 3. Bg5 Bf5 4. Nbd2 Nbd7 5. e3 e6 6. Be2 h6 7. Bf4 Be7 8.
Ne5 Nxe5 9. dxe5 Nd7 10. Bg4 Bh7 11. O-O O-O 12. Be2 c5 13. c4 Nb6 14. cxd5
exd5 15. Bf3 Qd7 16. Nb3 Rfd8 17. Rc1 Rac8 18. Qe2 Bf5 19. e4 1/2-1/2

[Event "SR 2. liga A 2004/2005"]
[Site "?"]
[Date "2005.03.20"]
[Round "11.7"]
[White "Djubek, Boris"]
[Black "Nicolini, Alexander"]
[Result "1/2-1/2"]
[WhiteElo "2127"]
[BlackElo "2120"]
[PlyCount "108"]
[EventDate "2004.??.??"]

1. d4 f5 2. g3 Nf6 3. Bg2 g6 4. c4 Bg7 5. Nc3 O-O 6. Nf3 d6 7. d5 c5 8. O-O Na6
9. h3 Nc7 10. Be3 Rb8 11. a4 a6 12. a5 b5 13. axb6 Rxb6 14. Na4 Rb4 15. Bd2 Rb7
16. Ba5 Ne4 17. Nd2 Nxd2 18. Qxd2 Bd7 19. Rfb1 Qb8 20. Ra3 Rc8 21. Bc3 Ne8 22.
Bxg7 Kxg7 23. Nc3 Rb4 24. b3 Nf6 25. Qa2 Rc7 26. Rxa6 Rcb7 27. Ra8 Qc7 28. Ra3
Qb8 29. Ra8 Qc7 30. Ra3 Qb8 31. Qc2 Qc8 32. Kh2 Qf8 33. Rba1 Qb8 34. Ra8 Qc7
35. R1a3 Qb6 36. R3a6 Qc7 37. Ra3 Qb6 38. R8a6 Qd8 39. Na2 R4b6 40. Ra8 Rb8 41.
Rxb8 Qxb8 42. Nc1 Rb7 43. Qa2 Qd8 44. Ra8 Rb8 45. Ra7 g5 46. Qb2 h6 47. Qc3 Kf7
48. Ra3 Ra8 49. Rxa8 Qxa8 50. Nd3 Qa3 51. Qb2 Qa6 52. Qc3 Qa3 53. Qb2 Qa6 54.
Qc3 Qa3 1/2-1/2

[Event "SR 2. liga A 2004/2005"]
[Site "?"]
[Date "2005.03.20"]
[Round "11.7"]
[White "Gettler, Daniel"]
[Black "Toth_Vano, Peter"]
[Result "0-1"]
[WhiteElo "2055"]
[BlackElo "2105"]
[PlyCount "50"]
[EventDate "2004.??.??"]
[TimeControl "240+2"]

{48MB, Fritz8.ctg, FRATRIC-A552EF0} 1. e4 Nf6 2. d3 e5 3. Nf3 Nc6 4. g3 Bc5 5.
Bg2 O-O 6. O-O d6 7. c3 Bg4 8. a4 a6 9. b4 Ba7 10. h3 Bh5 11. g4 Bg6 12. Bg5
Qd7 13. Bxf6 gxf6 14. Kh2 Nd8 15. Ng1 Ne6 16. Ne2 c5 17. f4 exf4 18. Nxf4 Nxf4
19. Rxf4 cxb4 20. Qb3 d5 21. Rxf6 dxe4 22. Qxb4 Qxd3 23. Na3 Bb8+ 24. Kh1 Be5
25. Rff1 Bxc3 0-1

[Event "SR 2. liga A 2004/2005"]
[Site "?"]
[Date "2005.03.20"]
[Round "11.7"]
[White "Machalova, Erika"]
[Black "Peska, Juraj"]
[Result "1/2-1/2"]
[WhiteElo "2086"]
[BlackElo "2144"]
[PlyCount "85"]
[EventDate "2004.??.??"]

1. d4 Nf6 2. c4 e6 3. Nc3 d5 4. Bg5 Be7 5. Nf3 O-O 6. e3 b6 7. Rc1 Bb7 8. cxd5
Nxd5 9. Bxe7 Qxe7 10. Be2 Rc8 11. O-O Nxc3 12. Rxc3 Nd7 13. Bb5 c6 14. Bd3 c5
15. Bb5 cxd4 16. Rxc8+ Rxc8 17. Qxd4 Nc5 18. Be2 Rd8 19. Qb4 Qf6 20. Rc1 h6 21.
a3 Nd3 22. Bxd3 Rxd3 23. Ne1 Qg5 24. Qc4 Rd8 25. Qe2 Qd5 26. Nf3 Qa5 27. h3
Bxf3 28. Qxf3 Qd2 29. Rc7 Qd1+ 30. Qxd1 Rxd1+ 31. Kh2 Rd2 32. Rxa7 Rxf2 33. Kg3
Rxb2 34. Ra8+ Kh7 35. Kf3 Kg6 36. Ra7 f5 37. Ra4 Kf6 38. Ra7 e5 39. g4 g6 40.
gxf5 gxf5 41. Rc7 e4+ 42. Kg3 Re2 43. Rc3 1/2-1/2

[Event "SR 2. liga A 2004/2005"]
[Site "?"]
[Date "2005.03.20"]
[Round "11.7"]
[White "Tomanek, Rafael"]
[Black "Rachela, Robert"]
[Result "1/2-1/2"]
[WhiteElo "1985"]
[BlackElo "1849"]
[PlyCount "92"]
[EventDate "2004.??.??"]

1. d4 d5 2. c4 dxc4 3. Nf3 Nf6 4. e3 Bg4 5. Bxc4 e6 6. Qb3 Bxf3 7. gxf3 b6 8.
Nc3 Nbd7 9. d5 Nc5 10. Qb5+ Qd7 11. dxe6 Nxe6 12. Qxd7+ Kxd7 13. b3 Bb4 14. Bb2
Rad8 15. a3 Bxc3+ 16. Bxc3 Ke7 17. Rg1 g6 18. Ke2 c6 19. b4 Rd7 20. Rad1 Rhd8
21. Rxd7+ Rxd7 22. Rd1 Rxd1 23. Kxd1 Ng5 24. Ke2 Ne6 25. f4 Nc7 26. Kf3 Ncd5
27. Bd4 h6 28. e4 Nc7 29. Be3 Kf8 30. h4 h5 31. a4 Ke7 32. Bd3 Kf8 33. a5 bxa5
34. bxa5 a6 35. Bb6 Nb5 36. Bc5+ Ke8 37. Bc4 Nd7 38. Be3 Ke7 39. Ke2 Kf6 40.
Kd3 Ke7 41. Bd4 Nc7 42. e5 Nb5 43. Ke4 f5+ 44. Kd3 Nc7 45. Be3 Nb5 46. Bb6 Ke8
1/2-1/2

[Event "SR 2. liga A 2004/2005"]
[Site "?"]
[Date "2005.03.20"]
[Round "11.8"]
[White "Kolesar, Rastislav"]
[Black "Priam, Stefan"]
[Result "0-1"]
[WhiteElo "1865"]
[BlackElo "1802"]
[PlyCount "76"]
[EventDate "2004.??.??"]

1. e4 e6 2. d4 d5 3. e5 c5 4. c3 Nc6 5. Nf3 cxd4 6. cxd4 Bb4+ 7. Nc3 Nge7 8.
Be2 Nf5 9. O-O Bd7 10. Qd3 a6 11. Re1 O-O 12. Bd1 Nh4 13. Ng5 Ng6 14. Bc2 Be7
15. h4 Nb4 16. Qe2 Nxc2 17. Qxc2 Bxg5 18. Bxg5 f6 19. exf6 gxf6 20. Bh6 Rf7 21.
g3 Ne7 22. g4 Kh8 23. Kh1 Qg8 24. Rg1 Qg6 25. Qxg6 hxg6 26. Rae1 Rh7 27. g5 Nf5
28. Ne2 Nxh6 29. gxh6 Rxh6 30. Rg3 Rxh4+ 31. Kg2 Kg7 32. Rg1 Rc8 33. Kf3 g5 34.
Ke3 Bb5 35. f4 Kf7 36. fxg5 Re4+ 37. Kf3 Bxe2+ 38. Kf2 Rc2 0-1

[Event "SR 2. liga A 2004/2005"]
[Site "?"]
[Date "2005.03.20"]
[Round "11.8"]
[White "Nagy, Edmund"]
[Black "Gursky, Stefan"]
[Result "1/2-1/2"]
[WhiteElo "1984"]
[BlackElo "2136"]
[PlyCount "53"]
[EventDate "2004.??.??"]
[TimeControl "240+2"]

{48MB, Fritz8.ctg, FRATRIC-A552EF0} 1. d4 d5 2. c4 e6 3. Nf3 Nf6 4. e3 Be7 5.
Bd3 b6 6. cxd5 exd5 7. O-O O-O 8. Nc3 Bb7 9. Re1 Nbd7 10. e4 dxe4 11. Nxe4 c5
12. dxc5 Nxe4 13. Bxe4 Bxe4 14. Rxe4 Nxc5 15. Rd4 Qc8 16. Bg5 Bxg5 17. Nxg5 h6
18. Nf3 Rd8 19. Rc1 Rxd4 20. Qxd4 Qe8 21. Re1 Qd7 22. Qxd7 Nxd7 23. g3 Rc8 24.
Nd4 a6 25. b3 Nf6 26. Kg2 Rd8 27. Nf3 1/2-1/2

[Event "SR 2. liga A 2004/2005"]
[Site "?"]
[Date "2005.03.20"]
[Round "11.8"]
[White "Pericka, Tomas"]
[Black "Soltes, Milan"]
[Result "1-0"]
[WhiteElo "1930"]
[BlackElo "1654"]
[PlyCount "21"]
[EventDate "2004.??.??"]

1. e4 e5 2. f4 exf4 3. Nf3 Be7 4. Bc4 Bh4+ 5. Kf1 Be7 6. d4 g5 7. Ne5 Nh6 8.
Qh5 Bf8 9. Bxf7+ Ke7 10. Qxg5+ Kd6 11. Qxd8 1-0

[Event "SR 2. liga A 2004/2005"]
[Site "?"]
[Date "2005.03.19"]
[Round "11.8"]
[White "Sevcik, Marek"]
[Black "Jelenciak, Jozef"]
[Result "0-1"]
[WhiteElo "1961"]
[BlackElo "1912"]
[PlyCount "170"]
[EventDate "2004.??.??"]

1. e4 Nf6 2. d3 d6 3. f4 g6 4. Nf3 Bg7 5. Be2 c5 6. O-O Nc6 7. c3 O-O 8. Na3 e5
9. fxe5 dxe5 10. Bg5 h6 11. Bh4 a6 12. Nc4 g5 13. Bf2 Qe7 14. Nb6 Rb8 15. Nd5
Qd6 16. c4 Ng4 17. Bg3 Nf6 18. Nd2 Nd4 19. Nf3 Nxe2+ 20. Qxe2 Nxd5 21. exd5 f6
22. Nd2 f5 23. Rae1 Re8 24. Nb3 Bd7 25. Kh1 b6 26. Nd2 Re7 27. b3 Rbe8 28. Qd1
Qg6 29. a3 f4 30. Bf2 Qxd3 31. Ne4 Qxd1 32. Rxd1 Bg4 33. Rde1 Rd7 34. b4 cxb4
35. axb4 b5 36. Nc5 Rd6 37. Nb7 Rd7 38. Nc5 bxc4 39. Nxd7 Bxd7 40. Re4 Rc8 41.
Rc1 c3 42. Bc5 c2 43. Re2 Bf5 44. d6 Rd8 45. Rd2 Kf7 46. d7 Rxd7 47. Rxd7+ Bxd7
48. Rxc2 e4 49. Kg1 Be5 50. Rc4 e3 51. Rc1 Bb5 52. g3 Ke6 53. gxf4 gxf4 54. Kg2
Kf5 55. Kf3 Bd3 56. Bf8 Bd4 57. Bc5 Bb2 58. Bxe3 fxe3 59. Rc5+ Kg6 60. Kxe3 Bf1
61. Rd5 Bc3 62. Rd6+ Kg5 63. Rb6 Bb5 64. Kf3 Bxb4 65. Kg3 Be1+ 66. Kg2 h5 67.
Kf3 h4 68. Rb8 Bc4 69. Re8 Bd5+ 70. Ke2 Bc3 71. Kd3 Bf6 72. Ke3 Kg4 73. Rf8
Bg5+ 74. Kf2 Bc4 75. Rc8 Bb5 76. Rg8 h3 77. Rg7 a5 78. Rb7 Bc6 79. Rb3 a4 80.
Rg3+ Kh4 81. Ra3 Bf4 82. Kg1 Be5 83. Rd3 Bb2 84. Rd6 Bf3 85. Kf2 Bg4 0-1

[Event "SR 2. liga A 2004/2005"]
[Site "?"]
[Date "2005.03.20"]
[Round "11.8"]
[White "Synak, Jan"]
[Black "Kleman, Miroslav"]
[Result "0-1"]
[WhiteElo "1777"]
[BlackElo "2142"]
[PlyCount "111"]
[EventDate "2004.??.??"]

1. c4 Nf6 2. Nc3 e5 3. Nf3 d6 4. d4 Nbd7 5. g3 Be7 6. Bg2 O-O 7. O-O h6 8. b3
c6 9. Bb2 Qc7 10. Qc2 Re8 11. Rad1 Rb8 12. a4 a6 13. Ba3 Nf8 14. h3 Ne6 15. e4
Bf8 16. Rd2 Nh7 17. Rfd1 Nhg5 18. dxe5 dxe5 19. Bxf8 Nxf3+ 20. Bxf3 Rxf8 21.
Bg2 Nd4 22. Qb1 Qb6 23. Ne2 Ne6 24. b4 c5 25. bxc5 Qxc5 26. Qa2 Ng5 27. Rd5 Qc7
28. h4 Nh7 29. f4 exf4 30. Nxf4 Nf6 31. R5d4 Bg4 32. Re1 Qe5 33. Qf2 Rbd8 34.
Rxd8 Rxd8 35. Nd5 Nh5 36. Kh2 Rd6 37. Bf3 Rg6 38. Rg1 Nf6 39. Nf4 Bxf3 40. Qxf3
Rg4 41. Kh3 h5 42. Re1 g6 43. Nd3 Qe6 44. Nc5 Qc8 45. Kg2 Qxc5 46. Qxf6 Qxc4
47. e5 Qd3 48. Qf2 Re4 49. Kh3 Rxe1 50. Qxe1 Qd7+ 51. Kh2 Qxa4 52. Qd2 Qe8 53.
Qd6 Qc8 54. Kg2 Qc6+ 55. Kf2 Qxd6 56. exd6 0-1

[Event "SR 2. liga A 2004/2005"]
[Site "?"]
[Date "2005.03.20"]
[Round "11.8"]
[White "Vyboch, Jozef"]
[Black "Isa, Vlastimil"]
[Result "0-1"]
[WhiteElo "1983"]
[BlackElo "1986"]
[PlyCount "124"]
[EventDate "2004.??.??"]

1. e4 e5 2. Nf3 Nf6 3. d4 Nxe4 4. Bd3 d5 5. Nxe5 Bd6 6. O-O O-O 7. c4 Bxe5 8.
dxe5 Nc6 9. cxd5 Qxd5 10. Re1 Rd8 11. Bc2 Qxd1 12. Bxd1 Nb4 13. Na3 Bf5 14. g4
Nd3 15. Rf1 Ndxf2 16. Be2 Bxg4 17. Rxf2 Nxf2 18. Kxf2 Bxe2 19. Kxe2 Rd4 20. Kf3
Rd1 21. Nc2 Rad8 22. Be3 R1d5 23. Ke4 a5 24. Rb1 c6 25. b4 axb4 26. Rxb4 Re8
27. Bf4 b5 28. Nd4 c5 29. Kxd5 cxb4 30. Nxb5 Ra8 31. Kc4 Rxa2 32. Kxb4 Re2 33.
Nc3 Re1 34. Kc4 f6 35. Bg3 Rc1 36. e6 Kf8 37. Bd6+ Ke8 38. Kd4 Re1 39. Kd5 Re3
40. Ne4 Rd3+ 41. Kc5 Re3 42. Kd4 Re1 43. Kd5 Rd1+ 44. Kc6 Re1 45. Nc5 Rc1 46.
Kb5 Rb1+ 47. Kc4 Rc1+ 48. Kd4 Rd1+ 49. Nd3 Rd2 50. Kc3 Re2 51. Nc5 Re1 52. Na6
Rxe6 53. Nc7+ Kd7 54. Nxe6 Kxe6 55. Bc7 Kf5 56. Kd4 Kg4 57. Ke3 g5 58. Kf2 f5
59. Kg2 f4 60. Bd6 h5 61. Bc7 Kf5 62. h3 f3+ 0-1

[Event "SR 2. liga A 2005/2006"]
[Site "?"]
[Date "2005.10.22"]
[Round "1.1"]
[White "Rohacek, Miroslav"]
[Black "Kozinka, Roman"]
[Result "1-0"]
[WhiteElo "2233"]
[BlackElo "2037"]
[PlyCount "44"]
[EventDate "2005.??.??"]

1. c4 Nf6 2. Nc3 g6 3. g3 Bg7 4. Bg2 d6 5. e3 O-O 6. Nge2 c6 7. O-O e5 8. f4
Bf5 9. d3 Na6 10. h3 Nc5 11. e4 Bd7 12. Be3 exf4 13. gxf4 Qc8 14. Kh2 Nh5 15.
d4 Na6 16. Ng1 Bh6 17. Qd2 Re8 18. Nf3 Nc7 19. d5 cxd5 20. cxd5 Nb5 21. Nd4
Nxc3 22. bxc3 Rxe4 {time} 1-0

[Event "SR 2. liga A 2005/2006"]
[Site "?"]
[Date "2005.10.22"]
[Round "1.2"]
[White "Halas, Miroslav"]
[Black "Machalova, Veronika"]
[Result "0-1"]
[WhiteElo "2004"]
[BlackElo "2211"]
[PlyCount "54"]
[EventDate "2005.??.??"]

1. e4 c5 2. Bc4 e6 3. Nc3 a6 4. a3 b5 5. Be2 Bb7 6. Nf3 b4 7. axb4 cxb4 8. Na4
Bxe4 9. d3 Bb7 10. Be3 Nc6 11. Bb6 Qc8 12. d4 Nf6 13. c4 bxc3 14. bxc3 Rb8 15.
c4 Bb4+ 16. Kf1 d5 17. Nc5 dxc4 18. Bxc4 O-O 19. Ng5 Bxc5 20. Bxc5 Rd8 21. Bb6
Re8 22. d5 exd5 23. Bxd5 Nxd5 24. Qxd5 Ne5 25. Qa2 h6 26. Nh3 Bxg2+ 27. Kxg2
Qg4+ 0-1

[Event "SR 2. liga A 2005/2006"]
[Site "?"]
[Date "2005.10.22"]
[Round "1.3"]
[White "Machalova, Maria"]
[Black "Arendas, Marek"]
[Result "1-0"]
[WhiteElo "2140"]
[BlackElo "2111"]
[PlyCount "43"]
[EventDate "2005.??.??"]

1. c4 e5 2. Nc3 g6 3. g3 Bg7 4. Bg2 d6 5. d3 c6 6. e3 Ne7 7. Nge2 Bg4 8. h3 Be6
9. O-O O-O 10. Kh2 d5 11. cxd5 Nxd5 12. Nxd5 Bxd5 13. e4 Be6 14. Be3 Nd7 15. d4
Nb6 16. dxe5 Bxe5 17. Qc2 Nc4 18. Bh6 Bxb2 19. Rad1 Qb6 20. Bxf8 Kxf8 21. Rb1
f6 22. Nf4 1-0

[Event "SR 2. liga A 2005/2006"]
[Site "?"]
[Date "2005.10.22"]
[Round "1.4"]
[White "Puskas, Miroslav"]
[Black "Federic, Pavol"]
[Result "0-1"]
[WhiteElo "2072"]
[BlackElo "2183"]
[PlyCount "90"]
[EventDate "2005.??.??"]

1. e4 e5 2. Nf3 Nc6 3. Bc4 Bc5 4. c3 Nf6 5. d4 exd4 6. cxd4 Bb4+ 7. Nc3 d5 8.
exd5 Nxd5 9. O-O Be6 10. Bxd5 Bxd5 11. Qe2+ Be7 12. Nxd5 Qxd5 13. Re1 O-O 14.
Qe4 Rad8 15. Bf4 Bb4 16. Qxd5 Rxd5 17. Red1 Ba5 18. Rac1 Rfd8 19. Kf1 R8d7 20.
a3 f6 21. Be3 Bb6 22. b4 Kf7 23. Rc4 Ne5 24. Rcc1 c6 25. Ke2 Nxf3 26. gxf3 Bxd4
27. a4 Bxe3 28. Rxd5 Rxd5 29. fxe3 Rh5 30. b5 cxb5 31. Rc7+ Kg6 32. Rxb7 Rxh2+
33. Kd3 bxa4 34. Rxa7 Ra2 35. f4 h5 36. f5+ Kxf5 37. Rxg7 a3 38. Rg1 Rh2 39.
Rf1+ Ke5 40. Rb1 a2 41. Rb5+ Ke6 42. Ra5 h4 43. Ke4 h3 44. Ra6+ Kf7 45. Kf3 Rb2
0-1

[Event "SR 2. liga A 2005/2006"]
[Site "?"]
[Date "2005.10.22"]
[Round "1.4"]
[White "Vrba, Michal"]
[Black "Hecko, Dusan"]
[Result "1/2-1/2"]
[WhiteElo "1968"]
[BlackElo "2122"]
[PlyCount "81"]
[EventDate "2005.??.??"]

1. e4 {B19: Caro-Kann} c6 2. d4 d5 3. Nc3 dxe4 4. Nxe4 Bf5 5. Ng3 Bg6 6. Nf3
Nd7 7. h4 h6 8. h5 Bh7 9. Bd3 Bxd3 10. Qxd3 Qc7 11. O-O e6 $15 12. Re1 ({
kniz. Fritz} 12. c4 Ngf6) 12... Ngf6 13. Ne5 Be7 14. Qf3 O-O 15. b3 Rac8 16. c4
c5 (16... Nxe5 17. dxe5 Nd7 18. Bb2 $11) 17. Bf4 $14 Nxe5 18. dxe5 Nh7 19. Ne4
Rfd8 20. Rad1 Rxd1 $11 21. Rxd1 Rd8 22. Rxd8+ Qxd8 23. Nd6 Bxd6 24. exd6 $14
Qd7 25. Qe3 b6 26. Qf3 f6 27. Qa8+ Nf8 28. Qb8 Kf7 29. Be3 e5 30. a4 Ne6 31. a5
bxa5 32. Bxc5 Nxc5 $15 33. Qc7 Ke6 34. Qxc5 Qxd6 35. Qc8+ Qd7 36. Qg8+ Kd6 37.
Qd5+ Ke7 38. Qxa5 Qd1+ 39. Kh2 Qxh5+ 40. Kg1 Qd1+ 41. Kh2 1/2-1/2

[Event "SR 2. liga A 2005/2006"]
[Site "?"]
[Date "2005.10.22"]
[Round "1.5"]
[White "Kleman, Miroslav"]
[Black "Stetina, Erik"]
[Result "1-0"]
[WhiteElo "2177"]
[BlackElo "1871"]
[PlyCount "79"]
[EventDate "2005.??.??"]

1. d4 Nf6 2. c4 e6 3. Nf3 Bb4+ 4. Bd2 Bxd2+ 5. Nbxd2 O-O 6. e4 d6 7. Bd3 b6 8.
Qc2 Nc6 9. a3 e5 10. d5 Ne7 11. O-O Ng6 12. g3 Bh3 13. Rfe1 Qd7 14. Ng5 Nf4 15.
f3 Ng6 16. b4 h6 17. Nxh3 Qxh3 18. c5 Qd7 19. Ba6 Ne8 20. Rac1 f5 21. exf5 Ne7
22. g4 Kh8 23. cxd6 cxd6 24. Qd3 Rb8 25. Bb5 Qd8 26. Rc2 Nf6 27. Bc6 Rc8 28.
Rec1 Rc7 29. a4 Qb8 30. Nb1 Rfc8 31. Na3 a6 32. h4 Qa7 33. b5 a5 34. Nc4 Rd8
35. g5 Nfg8 36. Rg2 Qb8 37. Kh1 Nc8 38. Rcg1 h5 39. f4 exf4 40. Qf3 1-0

[Event "SR 2. liga A 2005/2006"]
[Site "?"]
[Date "2005.10.22"]
[Round "1.6"]
[White "Bukovsky, Milan"]
[Black "Machalova, Erika"]
[Result "1/2-1/2"]
[WhiteElo "2030"]
[BlackElo "2062"]
[PlyCount "40"]
[EventDate "2005.??.??"]

1. c4 e5 2. Nc3 Nc6 3. g3 g6 4. Bg2 Bg7 5. e3 f5 6. Nge2 d6 7. b3 Nf6 8. O-O
O-O 9. d3 Bd7 10. Bb2 Rb8 11. Rc1 Ne7 12. Nd5 c6 13. Nxf6+ Bxf6 14. d4 e4 15.
Ba3 Be6 16. Qd2 Qd7 17. Rfd1 Bf7 18. Qb4 Rfd8 19. Nc3 Qc7 20. Na4 Be8 1/2-1/2

[Event "SR 2. liga A 2005/2006"]
[Site "?"]
[Date "2005.10.22"]
[Round "1.7"]
[White "Helbich, Branislav"]
[Black "Hagara, Vladimir"]
[Result "1/2-1/2"]
[WhiteElo "2070"]
[BlackElo "1981"]
[PlyCount "112"]
[EventDate "2005.??.??"]

1. e4 e6 2. d4 d5 3. exd5 exd5 4. Nf3 Nf6 5. Bd3 Bd6 6. O-O O-O 7. Bg5 Bg4 8.
Nbd2 Nbd7 9. c3 c6 10. Qc2 Qc7 11. b4 Rfe8 12. Rfe1 Bf4 13. Bh4 a6 14. Bg3 Bxg3
15. hxg3 h6 16. Nh2 Bh5 17. Bf5 Nf8 18. Ndf3 Bg6 19. g4 Ne4 20. Ne5 Bxf5 21.
gxf5 f6 22. Nd3 Nd7 23. Re2 Nd6 24. Nf4 Rxe2 25. Qxe2 Re8 26. Qg4 Nf8 27. Nh5
Qf7 28. Nf3 Re4 29. Qh3 Qe7 30. g4 Nf7 31. Ng3 Rf4 32. Re1 Qd7 33. Nh5 Re4 34.
Rxe4 dxe4 35. Nd2 Ng5 36. Qe3 Qd5 37. c4 Qd6 38. a3 Nf3+ 39. Nxf3 exf3 40. Nf4
Kf7 41. d5 cxd5 42. cxd5 Qe5 43. Qxf3 Nd7 44. Nd3 Qd4 45. Kg2 b6 46. Kg3 a5 47.
bxa5 bxa5 48. Nf4 Ne5 49. Qb3 Kg8 50. d6+ Kh7 51. Qd5 Qc3+ 52. f3 Qe1+ 53. Kg2
Qe3 54. Nh3 Nd3 55. Qe4 Qd2+ 56. Kg3 Ne5 1/2-1/2

[Event "SR 2. liga A 2005/2006"]
[Site "?"]
[Date "2005.10.22"]
[Round "1.8"]
[White "Bahna, Jan"]
[Black "Ostradicky, Dusan"]
[Result "1/2-1/2"]
[WhiteElo "1989"]
[BlackElo "1701"]
[PlyCount "98"]
[EventDate "2005.??.??"]

1. e4 c5 2. Nc3 Nc6 3. g3 g6 4. Bg2 Bg7 5. d3 d6 6. Be3 e6 7. Qd2 e5 8. Nd5 Be6
9. c3 Qd7 10. Nf3 f6 11. Nh4 Nge7 12. O-O O-O 13. f4 f5 14. Rf2 Rab8 15. Kh1 b6
16. Rg1 Kh8 17. Bf3 Rbd8 18. Qd1 Rg8 19. a3 Rdf8 20. Ng2 Rb8 21. Ne1 Rbf8 22.
h4 Bf7 23. h5 Nxd5 24. exd5 Nd8 25. Rh2 Qe8 26. c4 Nb7 27. hxg6 Bxg6 28. Rgg2
Nd8 29. Bc1 Nb7 30. Rh3 Nd8 31. Rgh2 Rf6 32. fxe5 dxe5 33. Bh5 Rd6 34. Nf3 Bxh5
35. Rxh5 Qg6 36. Ng5 h6 37. Ne6 Nf7 38. Qe1 Re8 39. Bd2 Kg8 40. Qf2 e4 41. dxe4
fxe4 42. Bf4 Rdxe6 43. dxe6 Rxe6 44. Rd5 e3 45. Bxe3 Qe4+ 46. Rg2 Qxe3 47. Qxe3
Rxe3 48. Rd7 Ng5 49. Rxa7 Rb3 1/2-1/2

[Event "SR 2. liga A 2005/2006"]
[Site "?"]
[Date "2005.10.22"]
[Round "2.1"]
[White "Bojda, Lubomir"]
[Black "Drtina, Milan"]
[Result "1-0"]
[WhiteElo "2137"]
[BlackElo "2259"]
[PlyCount "89"]
[EventDate "2005.??.??"]

1. d4 Nf6 2. Bg5 h6 3. Bxf6 exf6 4. Nf3 d5 5. e3 Be6 6. Nbd2 c6 7. c3 Bd6 8.
Bd3 f5 9. O-O Nd7 10. c4 Nf6 11. cxd5 cxd5 12. Bb5+ Kf8 13. Ne5 g6 14. Nb3 Qb6
15. Qe2 Bxe5 16. dxe5 Ng4 17. Nd4 Nxe5 18. a4 Kg7 19. b4 a6 20. Bd3 Nc6 21.
Nxe6+ fxe6 22. b5 axb5 23. axb5 Ne7 24. Qb2+ Kf7 25. h4 Qd6 26. Ra7 Rab8 27.
Rxb7 e5 28. Ra7 Rhc8 29. Rfa1 Rb6 30. h5 Rc7 31. hxg6+ Kxg6 32. R7a6 Nc8 33.
Rxb6 Nxb6 34. Ra6 Rf7 35. f4 e4 36. Qd4 Rf6 37. Be2 Qc7 38. Bh5+ Kg7 39. Kh2
Qd8 40. Ra7+ Kg8 41. Kh3 Nc4 42. Rb7 Na5 43. Rb8 Qxb8 44. Qxf6 Qb7 45. Qd8+ 1-0

[Event "SR 2. liga A 2005/2006"]
[Site "?"]
[Date "2005.10.22"]
[Round "2.2"]
[White "Jablonicky, Frantisek"]
[Black "Skreno, Vladimir"]
[Result "1-0"]
[WhiteElo "2246"]
[BlackElo "2176"]
[PlyCount "105"]
[EventDate "2005.??.??"]

1. d4 d5 2. g3 c6 3. Bg2 Nf6 4. Nd2 Bf5 5. c4 e6 6. Ngf3 Be7 7. O-O Ne4 8. Qb3
Qb6 9. cxd5 Qxb3 10. Nxb3 cxd5 11. Nfd2 Nxd2 12. Bxd2 Nc6 13. Rac1 O-O 14. f3
Rfd8 15. e4 Bg6 16. Be3 Rac8 17. a3 a5 18. exd5 exd5 19. Nc5 Bxc5 20. Rxc5 Bd3
21. Rfc1 Bc4 22. b3 Bxb3 23. Rb5 a4 24. Rxb7 Ne5 25. Rbc7 Nc4 26. Rxc8 Rxc8 27.
Rc3 Re8 28. Bc1 Re1+ 29. Kf2 Rd1 30. f4 Rxd4 31. Bf3 h6 32. Be3 Nxe3 33. Kxe3
Rc4 34. Rxc4 dxc4 35. Kd4 Kf8 36. Be2 Ke7 37. Bxc4 Bd1 38. Kc5 f5 39. Kb4 g5
40. Bb5 Kd6 41. Bxa4 Bf3 42. Bb3 Be4 43. a4 Kc6 44. a5 Bd3 45. Bc4 Be4 46. Bf7
Bd3 47. Kc3 Be4 48. Kd4 Kd6 49. a6 gxf4 50. gxf4 Bf3 51. Bc4 Ba8 52. Bd3 Ke6
53. Kc5 1-0